Nombra todos los equipos de la Primera División de fútbol masculino 20 - Estadísticas

Estadísticas generales
  • Esta prueba ha sido intentada 60 veces
  • La puntuación promedio es 11 de 20
Estadísticas de respuestas
Respuesta % Correcto
Real Madrid
93%
Atlético de Madrid
69%
Sevilla
69%
Valencia
67%
Athletic Club
64%
FC Barcelona
60%
Villarreal
60%
Espanyol
56%
Real Sociedad
56%
Celta de Vigo
53%
Real Betis
53%
Getafe
49%
Girona
49%
Rayo Vallecano
49%
Leganés
47%
Osasuna
47%
Valladolid
47%
Las Palmas
31%
Real Mallorca
27%
Deportivo Alavés
24%
No se encontraron pruebas coincidentes
Distribución de puntuación
Porcentaje de gente con cada puntuación
Porcentaje por número respondido
Historial de tus puntuaciones
No has intentado esta prueba.